000 00321nam a2200133Ia 4500
008 240624s9999 xx 000 0 und d
041 _aeng
082 _a005.432 PAJ
100 _aPAJARI GEORGE
245 _aWRITING UNIX DEVICE DRIVERS
260 _c2005
_aDelhi
_bPearson Education
300 _axii, : 323
365 _cRS
999 _c2278
_d2278